Undertale Charakter - Statistiken

Allgemein
  • Dieses Quiz wurde 82 mal gespielt
  • Das Durchschnittsergebnis liegt bei 9 aus 12
Antwortstatistiken
Herz Antwort % Korrekt
Blau Sans
100%
Blau Papyrus
98%
Rot Asgore
92%
Grün Undyne
92%
Rot Toriel
89%
Rot Asriel
85%
Rot Flowey
85%
Gelb Mettaton
81%
Lila Muffet
68%
Rot Napstablook
53%
Gelb Mettaton Ex
42%
Rot Omega Flowey
42%
Keine übereinstimmenden Quizze gefunden
Verteilung der Resultate
Anzahl Personen mit jedem Resultat
Perzentil nach korrekt beantworteten Fragen
Ihre Resultats-Entwicklung
Sie haben dieses Quiz noch nicht gespielt